SAP HR time management: (Record no. 43786)
[ view plain ]
| 000 -LEADER | |
|---|---|
| fixed length control field | 01346nam a22002657a 4500 |
| 005 - DATE AND TIME OF LATEST TRANSACTION | |
| control field | 20100904144115.0 |
| 010 ## - LCCN (DPL NO) | |
| LC control number | ENG101417 B-427756-757 |
| 020 ## - INTERNATIONAL STANDARD BOOK NUMBER | |
| Terms of availability | 550.00 |
| International Standard Book Number | 9788120340657 |
| 035 ## - SYSTEM CONTROL NUMBER | |
| System control number | EN-84950 B-427756-757 |
| 037 ## - SOURCE OF ACQUISITION | |
| Source of stock number/acquisition | DBAD / PUB |
| 037 ## - SOURCE OF ACQUISITION | |
| Source of stock number/acquisition | Allied Pub/Ven |
| 082 14 - DEWEY DECIMAL CLASSIFICATION NUMBER | |
| Classification number | 658.4093 |
| 100 1# - MAIN ENTRY--PERSONAL NAME | |
| Personal name | Agrawal, P. K. |
| 245 1# - TITLE STATEMENT | |
| Title | SAP HR time management: |
| Statement of responsibility, etc | by P. K. Agrawal |
| Remainder of title | technical reference and learning guide/ |
| 250 ## - EDITION STATEMENT | |
| Edition statement | 2nd ed |
| 260 ## - PUBLICATION, DISTRIBUTION, ETC. (IMPRINT) | |
| Place of publication, distribution, etc | New Delhi |
| Name of publisher, distributor, etc | Prentice-Hall of India |
| Date of publication, distribution, etc | 2010 |
| 270 ## - ADDRESS | |
| Address | M-97, Connaught Circus |
| City | New Delhi |
| Postal code | 110 001 |
| 300 ## - PHYSICAL DESCRIPTION | |
| Extent | xlv,708p. |
| Dimensions | 24cm.(pbk) |
| 500 ## - GENERAL NOTE | |
| General note | Includes index |
| 942 ## - ADDED ENTRY ELEMENTS (KOHA) | |
| Institution code [OBSOLETE] | dpl |
| Item type | English Books |
| Source of classification or shelving scheme | Dewey Decimal Classification |
| Classification part | 658.4093 |
| Call number suffix | AGR |
| Withdrawn status | Lost status | Not for loan | Collection code | Home library | Current library | Date acquired | Source of acquisition | Cost, normal purchase price | Full call number | Barcode | Copy number | Cost, replacement price | Koha item type |
|---|---|---|---|---|---|---|---|---|---|---|---|---|---|
| Non-fiction | Central Library | Central Library | 10/05/2011 | Allied Pub/2846/22.3.11/78/14.3.11/29.3.11 | 550.00 | 658.4093 AGR | B-427756 | 1 | 550.00 | English Books | |||
| Not For Loan | Non-fiction | D.B.Act.Division | D.B.Act.Division | 04/09/2010 | DBAD/PUB | 550.00 | 658.4093 AGR | EN-84950 | 1 | 550.00 | English Books | ||
| Non-fiction | Shahdara Branch | Shahdara Branch | 10/05/2011 | Allied Pub/2846/22.3.11/78/14.3.11/29.3.11 | 550.00 | 658.4093 AGR | B-427757 | 1 | 550.00 | English Books |
